000 00886cam a22002891 4500
999 _c20289
_d20289
001 8920951
003 BDDh-ASL
005 20231015025852.0
008 861215s1952 pk b 000 0 eng
010 _asa 64009166
025 _aPL480:P-E-461
035 _a(OCoLC)14974278
040 _aDLC
_cWaU
_dOCoLC
_dBDDh-ASL
_dDLC
042 _apremarc
043 _aa------
_af------
050 0 0 _aHJ233
_b.S5 1962
082 _a297.0336
_bSIP
100 1 _aSiddiqi, S. A.
_q(Shujāʻat ʻAlī),
_d1902-
245 1 0 _aPublic finance in Islam/
_cby S.A. Siddiqi.
260 _aLahore:
_bSh. Muhammad Ashraf
_c[1952]
300 _axiv, 250 p.
_c23 cm.
500 _a"First edition 1948 ... third [impression] 1962."
504 _aBibliography: p. [244]-252.
650 0 _aFinance, Public
_zIslamic countries.
906 _a7
_bcbc
_coclcrpl
_du
_encip
_f19
_gy-gencatlg
942 _2ddc
_cBK